Guided Paragraph Writing / A First Course in English Composition with Structural Practice (Record no. 4197)
[ view plain ]
| 000 -LEADER | |
|---|---|
| fixed length control field | 01211cam a22002054a 4500 |
| 005 - ΗΜΕΡΟΜΗΝΙΑ ΚΑΙ ΩΡΑ ΤΕΛΕΥΤΑΙΑΣ ΕΝΗΜΕΡΩΣΗΣ | |
| Πεδίο ελέγχου | 20250605164139.0 |
| 008 - FIXED-LENGTH DATA ELEMENTS--GENERAL INFORMATION | |
| Πεδίο ελέγχου σταθερού μήκους | 250528s ||||||||||||||||||||||||d |
| 035 ## - SYSTEM CONTROL NUMBER | |
| System control number | 18892 |
| 020 ## - ISBN | |
| ISBN | 435284916 |
| 040 ## - ΠΗΓΗ ΚΑΤΑΛΟΓΟΓΡΑΦΗΣΗΣ | |
| Φορέας πρωτότυπης καταλογογράφησης | MC Athens Campus Library |
| Γλώσσα καταλογογράφησης | Ελληνικά, Μοντέρνα (1453-) |
| Modifying agency | MC Athens Campus Library |
| Κανόνες περιγραφικής καταλογογράφησης | AACR2 |
| 245 1# - ΤΙΤΛΟΣ ΚΑΙ ΔΗΛΩΣΗ ΥΠΕΥΘΥΝΟΤΗΤΑΣ | |
| Τίτλος | Guided Paragraph Writing / A First Course in English Composition with Structural Practice |
| 260 ## - PUBLICATION, DISTRIBUTION, ETC. | |
| Name of publisher, distributor, etc. | Heinemann Educational Books, |
| Date of publication, distribution, etc. | 1988 |
| 300 ## - PHYSICAL DESCRIPTION | |
| Extent | 106 |
| 520 ## - SUMMARY, ETC. | |
| Summary, etc. | This is a first course in English composition with structural practice which leads the foreign learner at an early stage of English from structurally correct simple sentences to the planning and writing of a complete paragraph on straightforward personal subjects. Introduction, The Weekly Holiday, Yesterday Evening, Yourself, The Next Public Holiday, Planning of Subject Matter, An Unhappy First Visit, Unexpected Money, An Unwelcome Meeting, An Interesting Place to Visit, Letter Writing, Your Progress in Paragraph Writing, A Dream, Doing Something Wrong, Your Future, A Difficult Decision in the Past, Being Cheated, Revision and Free Paragraph Writing. |
| 700 1# - ΠΡΟΣΘΕΤΗ ΑΝΑΓΡΑΦΗ--ΦΥΣΙΚΟ ΠΡΟΣΩΠΟ | |
| Personal name | Jupp T. C |
| 9 (RLIN) | 5170 |
| 700 1# - ΠΡΟΣΘΕΤΗ ΑΝΑΓΡΑΦΗ--ΦΥΣΙΚΟ ΠΡΟΣΩΠΟ | |
| Personal name | Milne John |
| 9 (RLIN) | 5155 |
| 942 ## - ADDED ENTRY ELEMENTS (KOHA) | |
| Koha item type | Books |
| Τύπος τεκμηρίου | Βιβλιοθήκη | Τρέχουσα τοποθεσία | Barcode | Αριθμός εισαγωγής | Ημερομηνία απόκτησης | Ταξιθετικό σύμβολο | Αριθμός αντιτύπου | Κατάσταση απόσυρσης | Κατάσταση χαμένου | Κατάσταση κατεστραμμένου | Μη δανεισμός | Σύνολο δανεισμών | Ημερομηνία τελευταίας εμφάνισης | Η τιμή ισχύει από |
|---|---|---|---|---|---|---|---|---|---|---|---|---|---|---|
| Books | MC Athens Campus Library | MC Athens Campus Library | 9780000041968 | 3812 | 05/06/2025 | 425 JUP | 1 | 05/06/2025 | 05/06/2025 |